[Event "DEN-chT 0607"]
[Site "Denmark"]
[Date "2006.11.05"]
[Round "2.2"]
[White "Berg, Emanuel"]
[Black "Mortensen, Erling"]
[Result "1-0"]
[WhiteElo "2582"]
[BlackElo "2470"]
[Annotator "Berg,E"]
[PlyCount "71"]
[EventDate "2006.11.04"]
[EventType "team"]
[EventRounds "9"]
[EventCountry "DEN"]
[SourceTitle "CBM 116"]
[Source "ChessBase"]
[SourceDate "2007.02.01"]
[SourceVersion "1"]
[SourceVersionDate "2007.02.01"]
[SourceQuality "1"]
[WhiteTeam "Helsinge"]
[BlackTeam "Helsinge"]
[WhiteTeamCountry "DEN"]
[BlackTeamCountry "DEN"]

1. e4 c5 2. Nf3 e6 3. d4 cxd4 4. Nxd4 a6 5. Nc3 ({Usually I play} 5. Bd3 {
but I wanted to try something new and if possible surprise my opponent a
little.}) 5... b5 6. Bd3 Bb7 7. O-O Nc6 8. Nxc6 Bxc6 9. Re1 (9. Qe2 {is more
common, but the idea is the same. Now White can answer ...b4 with Nd5! There
are advantages and disadvantages with both moves and hard to say if one is
better than the other.}) 9... Qb8 {Black has several choices, but there is no
good way to defend against the knight jumping into d5. 9...Be7 is far too
passiv and can be met by 10.e5 after which Black is a bit cramped. The idea
with 9...Qb8 is to prepare ...Bd6 taking contol over the e5-square.} 10. a4 {
First White forces some weaknesses in the black position and then the knight
can jump to d5. The white a-pawn can later go to a5 taking the b6-square under
control.} b4 11. Nd5 Nf6 ({The alternative is} 11... Bd6 {protecting against
Bf4. However it opens for other possibilities and perhaps Qg4 attacking g7 can
be an interesting try.}) 12. Bf4 Bd6 13. Bxd6 Qxd6 14. Nb6 Rb8 15. a5 $1 {
During the game I concluded that this move was stronger than the forcing} (15.
e5 Qd4 {giving Black some counterchances. White has weakened himself giving
Black a strong diagonal for his bishop. Even though this is also somewhat
better for White if playing the position correct, everything is more
complicated. The variation in the game is preferable.} 16. a5 ({The tempting} 
16. Nc4 {with the idea of giving a check on d6 is simply met by} Qd5 $1 {
and after} 17. Nd6+ Kf8 {White has to defend himself with} 18. Bf1 $1 {with an
endgame advantage. However, Black has reasonable chances here compared to the
game.}) 16... Ng4 ({In case of} 16... Nd5 {White can continue} 17. Nc4 Nf4 ({
In the game Tskitishvili-Jobava, GEO ch 2000 there followed} 17... Ke7 18. Re4
Qc5 {and instead of 19.Rg4 White could have played} 19. Qh5 $1 {with a strong
initiative and clear advantage.}) 18. Nd6+ Ke7 19. Bxa6 Qxd1 20. Rexd1 Nxg2 21.
Bc4 Nh4 22. f4 {White has an advantage. The a-pawn is very dangerous and will
become useful later on.}) 17. Qe2 {White has asuperior position. Everything is
protected and now c3 is a terrible threat. It might follow} f6 18. c3 $1 bxc3
19. bxc3 Qf4 20. g3 Qf3 21. Qxf3 Bxf3 22. exf6 Nxf6 23. Bxa6 {with an extra
pawn for White and a clear advantage.}) 15... Qf4 {Black acivates the threat ..
.Ng4. After the alternative} (15... Qd4 {White just plays simple} 16. Bxa6 Qxd1
17. Rexd1 Bxe4 18. Rd4 Bxc2 19. Rxb4 {and has a clear advantage in the endgame.
The passed a- and b-pawns will decide the game.}) 16. Qf3 $1 {A simple but
strong move. White forces exchange of queens after which the black pawns on a6
and b4 will become very weak. Moreover this also reduces Black's counterplay
down to zero.} Qxf3 (16... g5 {doesn't help. White still has astable plus after
} 17. Qxf4 gxf4 18. f3 {Blacks pawns are hanging on the queenside and he is
unable to defend them for instance} Bb7 (18... Bb5 {looses an exchange after}
19. Bxb5 axb5 20. a6 Rxb6 21. a7 {and Black must give up his h8 rook for the
a-pawn.}) 19. Ra4 {The b4-pawn is lost and White is wininng.}) 17. gxf3 d5 {
Black breaks in the centrer trying to create counterplay. The idea is to meet
18.e5 with ...Nd7 with knight exchange and good drawing chanses despite the
loss of the a6 pawn.} 18. Bxa6 $1 {A concrete move. Now White doesn't win any
material, but he wins time which is far more important in this position. After}
(18. e5 Nd7 19. Nxd7 Kxd7 20. Bxa6 Bb5 21. Bxb5+ Rxb5 {Black has very good
drawing chances.}) 18... dxe4 19. fxe4 Bxe4 ({In case of} 19... Nxe4 {the
follow} 20. Bb5 $1 Bxb5 21. Rxe4 {and soon also the b4 pawn will fall giving
White three connected passed pawn on the queenside. Black is lost.}) 20. Ra4 $1
{Trying to defend the c2-pawn first is just a loss of time givng Black chances
to survive.} Bxc2 21. Rxb4 O-O {This is not what Black likes to do. The king
is needed on the queenside to defend against the running a and - pawns.} ({
However the alternative} 21... Ke7 {is not any better, for instance} 22. Rc1
Be4 23. Rc7+ Kd6 24. Rxf7 {and Black is loosing material and the game.}) 22.
Rc1 Bf5 (22... Be4 {is also met with} 23. Bc8 $1 {winning for White.}) 23. Bc8
$1 {An excellent move, disturbing Black's coordination and threatens to decide
the game with a5-a6.} Bd3 {Forced! Black must keep an eye on the a-pawn.} 24.
a6 {During the game I was trying to find something even better, but of course,
this is just winning right away.} Rbxc8 (24... Bxa6 {is just desperation. After
} 25. Bxa6 {Black has no chances at all, as White also has got the b2-pawn
left.}) (24... Rfxc8 {would have been slightly better, but White wins here too
after} 25. Rxc8+ Rxc8 26. Nxc8 Bxa6 27. Nd6 Kf8 28. Rb6 Bd3 29. Rb7 Bg6 30. b4
{and the b-pawn will decide.}) 25. Nxc8 $1 {Better than} (25. Rxc8 {giving
Black some survivial chances after} Bxa6 26. Rxf8+ Kxf8 {and the Black king is
at least in time to stop the b-pawn. Of course, it is still a technical win,
but here some more work is needed.}) 25... Bxa6 26. Ne7+ {Now the Black king
is driven into the corner, far away from the b-pawn.} Kh8 27. Rb6 Be2 28. Rc8 {
Exchanging a pair of rooks makes the win more simple. Now the b-pawn is ready
to run.} Rxc8 29. Nxc8 g5 {Black needs a square for his king not to get mated
on the 8th rank.} 30. Nd6 Kg7 31. Rb7 Bh5 {Black has been able to parry the
immediate threats, but now is instead totally passified and White can start
the advance of his b-pawn.} 32. b4 Nd5 33. b5 Kf6 34. b6 Ke5 35. Nc4+ Kd4 36.
Rd7 {Black resigned as the b-pawn is about to queen.} 1-0

[Event "Bundesliga 0607"]
[Site "Germany"]
[Date "2007.02.04"]
[Round "9.6"]
[White "Bindrich, Falko"]
[Black "Firman, Nazar"]
[Result "1-0"]
[WhiteElo "2482"]
[BlackElo "2495"]
[Annotator "Bindrich,F"]
[PlyCount "85"]
[EventDate "2006.10.28"]
[EventType "team-tourn"]
[EventRounds "15"]
[EventCountry "GER"]
[SourceTitle "CBM 118"]
[Source "ChessBase"]
[SourceDate "2007.05.31"]
[SourceVersion "1"]
[SourceVersionDate "2007.05.31"]
[SourceQuality "1"]
[WhiteTeam "Remagen"]
[BlackTeam "Katernberg"]
[WhiteTeamCountry "GER"]
[BlackTeamCountry "GER"]

1. e4 c5 2. Nf3 e6 3. Nc3 a6 4. d4 cxd4 5. Nxd4 Qc7 6. Bd3 Ne7 7. O-O Ng6 $6
$146 {According to my databases this is a new move. In my opinion a dubious
one, too.} 8. Kh1 $5 {A waiting move but not the most ambitious continuation.}
({After the immediate} 8. Be3 Nc6 9. Nxc6 $1 Qxc6 10. Qh5 $36 {White has a
small advantage.} b5 11. f4 Bb7 12. Rf2 Bd6 13. e5 Be7 14. Be4 Qc7 15. Bxb7
Qxb7 16. f5 exf5 17. Qxf5 O-O 18. Rd1 Rad8 19. Nd5 Rde8 (19... Rfe8 20. Qf3 Qc8
21. Nb6 Nxe5 22. Nxc8 Nxf3+ 23. Rxf3 Rxc8 24. Rxd7 Bf6 {1/2-1/2 Buch,
O-Andersen,I/Lyngby 1975/EXT 2000}) 20. Qf3 Qc8 21. Nb6 Nxe5 22. Nxc8 Nxf3+ 23.
Rxf3 Rxc8 24. Rxd7 Bf6 {1/2-1/2 Lein,A-Bronstein,D/Tbilisi 1969/EXT 1999}) 8...
Bc5 $6 {After this the black squares on Black's kingside become weak. Ideas
like f4 f5 f6 are much more useful now.} (8... Bd6 9. f4 $1 $14) (8... Nc6 $142
9. Nxc6 (9. Be3 $5) 9... Qxc6 10. Qh5 b5 11. f4 Bb7 12. Be3 Bd6 13. Rae1 O-O
$13) 9. Be3 d6 (9... O-O 10. f4 b5 11. f5 Ne5 12. f6 Qb6 (12... g6 13. Qe1 $14)
13. fxg7 Kxg7 14. Be2 $14) (9... b5) 10. Qd2 Nd7 {It is not easy for Black to
make any useful move. White's lead in development is serious.} (10... Nc6 11.
Be2 O-O 12. Rad1 Nxd4 13. Bxd4 Bxd4 14. Qxd4 Rd8 15. Rd2 b6 16. Rfd1 Bb7 17.
Qb4 Nf4 18. Bf1 {White has got a clear advantage due to the weakness of d6 and
the misplacing of the knight on f4.} a5 (18... d5 19. g3 Nh5 20. exd5 exd5 21.
Bg2 $14) 19. Qc4 $1 Qxc4 20. Bxc4 d5 21. exd5 $16) (10... O-O 11. Rad1 b5 12.
f4 Bb7 13. f5 exf5 14. exf5 Ne5 15. f6 $40) 11. Rad1 Nf6 12. Be2 $1 O-O 13. Bg5
$1 {I adapted the ideas of the Averbakh-System in the King's Indian Defence to
the Sicilian.} b5 (13... Bd7 14. Nb3 Bb4 15. Bxf6 gxf6 16. Nd5 exd5 17. Qxb4
$14) 14. Nb3 {Now the misplacing of the Bc5 makes itself felt.} Bb7 15. Nxc5
dxc5 16. Qe3 $14 {White has a small edge due to the pair of bishops and the
weak pawn structure on the queenside.} Rfd8 17. f3 Rac8 18. Qf2 Rxd1 19. Rxd1
Nd7 20. Qg3 $1 {After the exchange of queens the weak pawns on the queenside
become more vulnerable.} Qxg3 21. hxg3 Bc6 22. b3 $1 (22. a4 c4) 22... f6 (
22... b4 23. Bxa6) (22... Nde5 23. Be3 c4 24. b4 $14) 23. Be3 Rc7 24. a4 b4 25.
Nb1 a5 26. Nd2 $16 {Now Black crumbles.} Nde5 27. Bxc5 (27. Nc4 $142 $1 Nxc4
28. Bxc4 Kf7 29. Rd6 Bd7 30. f4 $18 {is pretty hopeless}) 27... Be8 $2 (27...
Bxa4 28. Bb6 Rb7 29. Bxa5 Bb5 30. Bxb5 Rxb5 31. Ra1 Nc6 32. Bc7 Nge5 33. Bd6
$16 {is winning, too, but here White has still some technical work to do.}) 28.
Bb6 Rxc2 29. Bxa5 Nc6 30. Bb6 Nge5 31. Bb5 $138 Kf7 $138 32. Kg1 Nd7 33. Be3
Na5 34. Kf1 Nc5 35. Rb1 Rc3 36. Bd4 Bxb5+ 37. axb5 Rc2 38. Ke1 Nd3+ 39. Ke2 Nc5
(39... Nxb3 40. Rxb3 Nc1+ 41. Kd1 Rxd2+ 42. Kxd2 Nxb3+ 43. Kd3 Nxd4 44. Kxd4 b3
45. Kc3 $18) 40. Kd1 Rxd2+ 41. Kxd2 Ncxb3+ 42. Kd3 Ke7 43. Bb6 {With this
victory I achieved my first GM norm.} 1-0

[Event "Zagreb zt"]
[Site "Zagreb"]
[Date "1993.??.??"]
[Round "1"]
[White "Smirin, Ilia"]
[Black "Kurajica, Bojan"]
[Result "1-0"]
[WhiteElo "2590"]
[BlackElo "2535"]
[Annotator "Blatny,P"]
[PlyCount "57"]
[EventDate "1993.03.??"]
[EventType "tourn"]
[EventRounds "13"]
[EventCountry "CRO"]
[EventCategory "11"]
[SourceTitle "CBM 035"]
[Source "ChessBase"]
[SourceDate "1993.08.01"]
[SourceVersion "1"]
[SourceVersionDate "1993.08.01"]
[SourceQuality "1"]

1. e4 c5 2. Nf3 e6 3. Nc3 a6 4. d4 cxd4 5. Nxd4 Qc7 6. f4 b5 7. Bd3 Bc5 8. Nb3
Be7 9. Qg4 b4 (9... Kf8 $142 10. Be3 {/\->K} (10. e5 Bb7 11. Ne4 f5 $5 12. exf6
Nxf6 $132)) 10. e5 $1 g6 (10... bxc3 $2 11. Qxg7 $18 {צh8}) (10... Kf8 11. Ne4
Nh6 12. Qh3 $40) 11. Ne4 Bb7 12. Qe2 f5 13. Ned2 (13. exf6 Nxf6 {גa8-g2})
13... Nc6 14. Nc4 Bh4+ 15. g3 Be7 16. Rg1 Nh6 17. Be3 O-O 18. O-O-O a5 19. Nb6
Rab8 (19... Rad8 $142) 20. Bxf5 $1 Nxe5 (20... Nxf5 21. Rxd7 $18) 21. Rxd7 Nxd7
22. Bxe6+ Rf7 (22... Kg7 23. Nxd7 {/\Bd4}) 23. Nxd7 a4 24. Nbc5 Bxc5 25. Bxc5
Ra8 26. Bxf7+ Nxf7 27. Qe7 Rc8 28. Re1 b3 29. Qe8+ (29. Qe8+ Rxe8 30. Rxe8+ Kg7
31. Bf8+ Kg8 32. Bh6#) 1-0

[Event "Graz zt"]
[Site "Graz"]
[Date "1993.??.??"]
[Round "3"]
[White "Lau, Ralf"]
[Black "Lutz, Christopher"]
[Result "1-0"]
[WhiteElo "2530"]
[BlackElo "2550"]
[Annotator "Blatny,P"]
[PlyCount "51"]
[EventDate "1993.03.??"]
[EventType "tourn"]
[EventRounds "13"]
[EventCountry "AUT"]
[EventCategory "8"]
[SourceTitle "CBM 035"]
[Source "ChessBase"]
[SourceDate "1993.08.01"]
[SourceVersion "1"]
[SourceVersionDate "1993.08.01"]
[SourceQuality "1"]

1. e4 {Ftacnik} c5 2. Nf3 e6 3. d4 cxd4 4. Nxd4 a6 5. Nc3 Qc7 6. Bd3 Nf6 7. O-O
Be7 8. Kh1 b5 9. f4 d6 10. e5 Nd5 (10... dxe5 11. fxe5 Qxe5 (11... Nfd7 12. Qf3
O-O 13. Qh3 (13. Qxa8 $4 Bb7 14. Qa7 Bxg2+) 13... h6 14. Nxe6 $18) 12. Bf4 $40
Qxd4 $4 (12... Qh5 {Ftacnik} 13. Be2 Qc5 (13... Qg6 14. Bf3) 14. Bf3 Nd5 15.
Nxd5 exd5 16. Nb3 Qb6 17. Bxd5 Bb7 18. Bxf7+ Kxf7 19. Bc7+ $18) (12... Qc5 13.
Qf3 Nd5 14. Nb3 Qc6 15. Bxb8 Rxb8 16. Qxf7+ $18) 13. Bxb5+ $18) (10... Nfd7 11.
Be4 d5 (11... Bb7 $2 12. exd6 Bxd6 13. Ndxb5 $18) 12. Bxd5 $5 exd5 13. Nxd5 Qc5
14. Nb3 Qc4 (14... Qa7 15. Be3 $18) 15. Na5 $40) 11. Nxd5 exd5 12. e6 Bf6 (
12... fxe6 13. Qh5+ g6 (13... Kd7 14. Nxe6 $18 Kxe6 15. Qf5#) (13... Kf8 14. f5
$1 {<->f} e5 (14... exf5 {Ftacnik} 15. Bxf5 Bf6 16. Bxc8 Qxc8 17. Rxf6+ gxf6
18. Bh6+ Ke7 19. Re1+ Kd8 20. Qf7 $18) 15. Ne6+ Bxe6 16. fxe6+ Bf6 17. Rxf6+ $1
gxf6 18. Bh6+ Ke7 19. Qf7+ Kd8 20. Qxf6+ $18) (13... Kd8 14. Qf7 $40 (14. Qf7 {
Ftacnik} Bf6 15. Nxe6+)) 14. Bxg6+ Kf8 (14... Kd8 15. Bf7) 15. f5 {/\Bh6,Bf7+-}
) (12... Bxe6 {Ftacnik} 13. f5 (13. Nxe6 fxe6 14. Qh5+ Kd7 15. Re1 Nc6 16. Rxe6
$18) 13... Bc8 14. Qf3 $16 (14. f6 $5 Bxf6 15. Rxf6 gxf6 16. Bh6 $40)) 13.
exf7+ Qxf7 (13... Kxf7 14. Qh5+ {><d5,e6}) 14. Re1+ Kf8 15. Nf5 Qc7 16. Qh5 g6
(16... Bd7 $5) 17. Qh6+ Kf7 (17... Kg8 $4 18. Re8+ Kf7 19. Rxh8 Bxh8 20. Qxh7+
$18) (17... Bg7 {Ftacnik} 18. Nxg7 Qxg7 19. Re8+ $18) 18. Re7+ $1 Bxe7 (18...
Qxe7 19. Nxe7 Kxe7 20. f5 {->K}) 19. Qg7+ Ke6 (19... Ke8 {Ftacnik} 20. Qxh8+
Bf8 21. Bd2 gxf5 22. Re1+ Kf7 23. Qxh7+ Bg7 24. Bc3 Kf8 25. Bxg7+ Qxg7 26. Re8+
$18) 20. Bd2 $1 {/\Re1 ->} (20. Qxh8 gxf5 {/\_|_} 21. Qg8+ Kf6 (21... Kd7 22.
Bxf5+) 22. Qh8+ Ke6) 20... Re8 21. Re1+ Kd7 22. Nxe7 (22. Rxe7+ {Ftacnik} Rxe7
23. Qxe7+ Kc6 $13) 22... Kd8 23. f5 $18 (23. Nc6+ $1 {Ftacnik} Nxc6 (23... Qxc6
24. Ba5+ $18) 24. Rxe8+ Kxe8 25. Qxc7 Ne7 $18) 23... Qxe7 (23... Rxe7 24. Bg5
$18 (24. Qf8+ {Ftacnik} Kd7 25. Rxe7+ $18)) (23... Ra7 {Ftacnik} 24. Bg5 Qxe7
25. Rxe7 Raxe7 26. fxg6 hxg6 27. Bxg6 $18) (23... Bd7 {Ftacnik} 24. Bg5 Qc5 (
24... Rxe7 25. Qf8+ Be8 26. Rxe7 $18) 25. b4 $1 Qf2 (25... Qxb4 26. Nxd5+ Kc8
27. Rxe8+ Bxe8 28. Nxb4 $18) 26. Nxd5+ Kc8 27. Rxe8+ Kb7 28. Nf6 $18) 24. Rxe7
Rxe7 25. Bg5 Raa7 26. Qf8+ 1-0

[Event "Elenite"]
[Site "Elenite"]
[Date "1993.??.??"]
[Round "11"]
[White "Dimitrov, Vladimir"]
[Black "Vyzmanavin, Alexey"]
[Result "0-1"]
[WhiteElo "2525"]
[BlackElo "2605"]
[Annotator "Blatny,P"]
[PlyCount "60"]
[EventDate "1993.??.??"]
[EventType "tourn"]
[EventRounds "11"]
[EventCountry "BUL"]
[EventCategory "14"]
[SourceTitle "CBM 038"]
[Source "ChessBase"]
[SourceDate "1994.02.01"]
[SourceVersion "1"]
[SourceVersionDate "1994.02.01"]
[SourceQuality "1"]

1. e4 c5 2. Nf3 e6 3. d4 cxd4 4. Nxd4 a6 5. Nc3 Qc7 6. Be2 b5 7. O-O Bb7 8. Re1
Nc6 9. Nxc6 (9. Bf1 Nf6 10. Nxc6 Qxc6 11. e5 b4 12. Ne2 Nd5 13. a3 $5 (13. Nd4)
13... bxa3 14. b3 Bb4 15. c4 Nc3 16. Nxc3 Bxc3 17. Bxa3 $1 $44 {Ye
Jiangchuan-Vyzmanavin,A/Beijing op/1991/}) 9... dxc6 (9... Bxc6 $6 10. Qd3 (10.
Nd5 $6 exd5 11. exd5 Bb7 12. Bxb5+ $13 (12. Bh5+ Kd8 13. Bg5+ Nf6 {/\Qd6,Be7-/
+ _|_})) 10... Nf6 11. Bg5 {/\Rad1->}) 10. e5 $1 Ne7 (10... Bb4 11. Bd2 Rd8 12.
a4 Bxc3 13. bxc3 Ne7 14. Bd3 Ng6 15. Qg4 {+/=/+/- ^^ Dimitrov,V-Cvitan,O/Haifa
EchT/1989/}) 11. Bd3 Rd8 12. Qe2 $6 (12. Bg5 $142 h6 13. Qh5 Rd7 14. a4 b4 15.
Ne4 $36 {Kamsky,G-Lutz,C/Dortmund/1993/}) 12... c5 13. Bg5 h6 14. Qh5 Rd4 $1
$15 15. Be3 (15. Ne4 Nd5 {/\c4-/+} (15... Nf5 $17)) 15... Rd7 16. Bf4 c4 17.
Be4 b4 $1 18. Nd1 Nd5 19. Bg3 Bc5 20. c3 O-O 21. cxb4 Bxb4 22. Re2 Rfd8 23. h3
c3 $17 24. bxc3 Nxc3 25. Nxc3 Qxc3 26. Rf1 Rd1 27. Rxd1 Rxd1+ 28. Kh2 Qc1 29.
Bh4 Bxe4 (29... Rh1+ 30. Kg3 Bxe4 31. Rxe4 g5 $6 32. Qxh6 gxh4+ 33. Qxh4 Qa3+
34. f3 $1 Be1+ (34... Bf8 35. Rg4+ (35. Qd8 $5) 35... Bg7 36. Rxg7+ $1 Kxg7 37.
Qg5+ Kf8 38. Qd8+ $10) 35. Rxe1 Rxe1 36. Qg5+ $10) 30. Rxe4 Bd2 $1 (30... Bd2
31. Kg3 (31. Be7 Bf4+ 32. g3 Rh1+ 33. Kg2 Qf1+ 34. Kf3 Qd1+ $1 (34... Rxh3 $19
{_|_}) 35. Re2 Re1 $19) 31... g6 $1 (31... g5 $6 32. Qxh6 gxh4+ 33. Qxh4 Bh6
34. Rc4 $17) 32. Qf3 g5 $19 33. Rd4 Bf4+ $1 34. Rxf4 Rd3 $1) 0-1

[Event "St Petersburg zt"]
[Site "St Petersburg"]
[Date "1993.??.??"]
[Round "8"]
[White "Dvoirys, Semen I"]
[Black "Vyzmanavin, Alexey"]
[Result "1-0"]
[WhiteElo "2565"]
[BlackElo "2620"]
[Annotator "Blatny,P"]
[PlyCount "81"]
[EventDate "1993.01.??"]
[EventType "swiss"]
[EventRounds "9"]
[EventCountry "RUS"]
[SourceTitle "CBM 034"]
[Source "ChessBase"]
[SourceDate "1993.06.01"]
[SourceVersion "1"]
[SourceVersionDate "1993.06.01"]
[SourceQuality "1"]

1. e4 c5 2. Nf3 e6 3. d4 cxd4 4. Nxd4 a6 5. Nc3 Qc7 6. f4 (6. Be3 Nf6 7. Bd3
Nc6 {--> B48}) 6... b5 (6... Bb4 7. Qf3 Ne7 (7... Nf6 8. Bd2 d6 9. a3 $14) 8.
Bd2 Nbc6 9. Nxc6 bxc6 10. e5 Nf5 11. Bd3 Bb7 12. Ne4 $14) 7. Bd3 Bb7 8. Qe2 (8.
a3 Nf6 9. Qf3 Nc6 10. Nb3 d6 11. Be3 Be7 12. O-O {[+]:-><<}) (8. Qf3 Nc6 9. Be3
Nf6 10. g4 d5 11. Nxc6 Bxc6 12. exd5 Nxd5 13. Be4 $132) 8... Nf6 (8... Bc5 9.
Nb3 Ba7 10. e5 f5 11. Be3 Bxe3 12. Qxe3 Ne7 $13) (8... b4 9. Nd1 Nf6 10. Nf2
Bc5 11. Nb3 Bxf2+ 12. Kxf2 d5 $13) (8... d6 9. O-O Nf6 10. Kh1 Nbd7 11. Bd2 Be7
12. Rae1 b4 $1 $36 {Dvoiris-Ribli, EUCup 1992}) 9. e5 Nd5 10. Nxd5 Bxd5 11. O-O
g6 12. a4 b4 (12... bxa4 $2 13. Rxa4 $16 {><a6}) 13. Be3 Be7 14. Nf3 O-O 15.
Nd2 {/\Ne4} f5 16. Nc4 Bxc4 (16... Nc6 $2 17. Nb6 $18) 17. Bxc4 Bc5 18. b3 g5
19. g3 Rf7 20. Bxc5 (20. Rad1 $6 Rg7 $1 $132) 20... Qxc5+ 21. Qf2 Qc7 (21...
Qxf2+ 22. Rxf2 Nc6 23. Rd1 {/\Rfd2+/- _|_}) 22. Rad1 $16 Nc6 23. Be2 Rg7 24.
Kh1 Ne7 25. Bf3 Rc8 26. Qd4 gxf4 (26... g4 27. Bg2 Nc6 28. Qc5 $16) 27. gxf4
Ng6 28. Qxb4 Qxc2 29. Qb7 d5 (29... Nxf4 30. Rxd7 Rxd7 31. Qxd7 {/\Rg1+-}) (
29... Nf8 30. Qxa6 $18 {Pa+b _|_}) 30. Qxa6 Nxf4 31. Rd4 $1 Nh3 (31... Rg2 32.
Rxf4 Rxh2+ 33. Kg1 Kh8 34. Qxc8+ Qxc8 35. Kxh2 $18 {_|_}) (31... Rg4 32. Rxf4
Rxf4 33. Qxe6+ Kf8 (33... Kh8 34. Qf6+ Kg8 35. Bxd5#) 34. Qf6+ Ke8 35. Bh5+ Kd7
36. Qd6#) 32. Rd2 $1 (32. Qxe6+ $2 Kh8 {/\Rcg8->}) 32... Qc1 (32... Qxd2 33.
Qxc8+ Kf7 34. Bh5+ Rg6 35. Bxg6+ hxg6 36. Qd7+ Kf8 37. Qd8+ {/\Qf6+ +-}) 33.
Bg2 $1 (33. Qxe6+ $4 Kh8 34. Rdd1 $8 Qc5 $1 $19) 33... Rc6 34. Bxh3 Qc3 35. Qd3
$18 Qxe5 36. Re2 Qf6 37. Bxf5 $1 exf5 (37... Kh8 38. Bh3 $18) 38. Qxd5+ Rf7 (
38... Kf8 39. Ref2 $18) 39. Re8+ Kg7 40. Rg1+ Kh6 41. Qg2 (41. Qg2 Rc3 42. Re6
$1) 1-0

[Event "EU-Cup 08th final"]
[Site "Munich"]
[Date "1992.??.??"]
[Round "5.2"]
[White "Dvoirys, Semen I"]
[Black "Ribli, Zoltan"]
[Result "0-1"]
[WhiteElo "2515"]
[BlackElo "2595"]
[Annotator "Blatny,P"]
[PlyCount "48"]
[EventDate "1992.??.??"]
[EventType "team-match"]
[EventRounds "1"]
[EventCountry "GER"]
[SourceTitle "EXT 2020"]
[Source "ChessBase"]
[SourceDate "2019.10.17"]
[SourceVersion "1"]
[SourceVersionDate "2019.10.17"]
[SourceQuality "1"]
[WhiteTeam "Chelyabinsk Poliot"]
[BlackTeam "Muenchen Bayern"]
[WhiteTeamCountry "URS"]
[BlackTeamCountry "GER"]

1. e4 c5 2. Nf3 e6 3. d4 cxd4 4. Nxd4 a6 5. Nc3 Qc7 6. f4 (6. Be3 Nf6 7. Bd3
Nc6 {--> B48}) 6... b5 (6... Bb4 7. Qf3 Ne7 (7... Nf6 8. Bd2 d6 9. a3 $14) 8.
Bd2 Nbc6 9. Nxc6 bxc6 10. e5 Nf5 11. Bd3 Bb7 12. Ne4 $14) 7. Bd3 Bb7 8. Qe2 (8.
a3 Nf6 9. Qf3 Nc6 10. Nb3 d6 11. Be3 Be7 12. O-O {--> B82}) (8. Qf3 Nc6 9. Be3
Nf6 10. g4 d5 11. Nxc6 Bxc6 12. exd5 Nxd5 13. Be4 $14 {[+]}) 8... d6 (8... Bc5
9. Nb3 Ba7 10. e5 f5 11. Be3 Bxe3 12. Qxe3 Ne7 $13 {Kavalek-Flesh, Hungary}) (
8... b4 9. Nd1 Nf6 10. Nf2 Bc5 11. Nb3 Bxf2+ 12. Kxf2 d5 $10) 9. O-O Nf6 10.
Kh1 Nbd7 11. Bd2 Be7 12. Rae1 {/\->[+]} (12. a3 $142) 12... b4 {/\><e4} 13. Na4
Nc5 14. Nxc5 dxc5 15. Nb3 c4 $1 16. Bxc4 Nxe4 17. f5 exf5 18. Rxf5 O-O 19. Bf4
$2 (19. Bd5 $142 Bxd5 20. Rxd5 $10) 19... Bd6 20. Qf1 Rae8 21. Rd1 $2 (21. Bxd6
$8 Nxd6 22. Rc5) 21... g6 $19 22. Rf6 (22. Rxf7 Rxf7 23. Bxd6 Nxd6 24. Rxd6
Qxc4 $19) 22... Be5 $1 23. Bxe5 Rxe5 24. Rf4 Rh5 (24... Rh5 25. Kg1 $8 g5 $19)
0-1